000 00583nam a2200217Ia 4500
003 OSt
005 20220923230909.0
006 a|||||r|||| 00| 0
007 ta
008 Pun
024 _a306,300
037 _cTextual
040 _aARTS
_cARTS
_bPun
041 _2Pun
_aPun
082 _aQ8441xF73w, L7
100 _aਕੋਹਲੀ, ਸੁਰਿੰਦਰ ਸਿੰਘ
_9156370
245 0 _aਖ਼ਕੀਰ ਦਰFਨ
260 _c1977
942 _hQ8441xF73w, L7
_cTEXL
_2CC
999 _c388086
_d388086